00448cam a22001217a 4500008004000000020001800040082001700058100002800075245014000103260003300243300001000276650004000286180718b2008 xxu||||| |||| 00| 0 eng d a9788177081701 aT19x54 P886e aPrasad, Chandra Shekhar aEconomic survey of India 1947-48 to 2008-09: sector-wise yearly review of developments in the Indian economycby Chandra Shekhar Prasad aNew DelhibNew Centuryc2008 a727p. aIndia --Economic conditions --1947-